00337nam a2200145 i 4500001000300000245002900003250001300032260003700045300002700082500001700109040000800126041000800134080000800142008004100150bg 0aFiziceskaja elektronika. aVyp. 14. aL'vov :b"Viscaja Skola",c1977. as. 101, nlb. 3 :brys. a[Alf. ros.]. cBPK apol a537 s pl f |000 0 pol